000 00847cam a2200265 i 4500
001 1320465
003 EG-ScBUE
005 20251207101714.0
008 781116t1979 nyua f b 001 0 eng d
020 _a080141203X
040 _aEG-ScBUE
_beng
_erda
_cEG-ScBUE
_dEG-ScBUE
082 0 4 _a547.84
_bGEN
_222
100 1 _aGennes, Pierre-Gilles de,
_96199
_eauthor.
245 1 0 _aScaling concepts in polymer physics /
_cPierre-Gilles de Gennes.
264 1 _aIthaca, New York :
_bCornell University Press,
_c[1979]
264 4 _cc1979
300 _a324 pages :
_billustrations ;
_c24 cm
336 _2rdacontent
_atext
_btxt
337 _aunmediated
_2rdamedia
_bn
338 _avolume
_bnc
_2rdacarrier
504 _aIncludes bibliographical references and index.
650 7 _aPolymers.
_96200
_2BUEsh
655 _vReading book
942 _2ddc
_cBB
999 _c11840
_d11840